[Event "16e Open International - Réunion"]
[Site "Saint-Denis (974)"]
[Date "2014.10.18"]
[Round "2.1"]
[White "Reinhart, Emmanuel"]
[Black "Jourde, Michel"]
[Result "1-0"]
[WhiteElo "2355"]
[BlackElo "1805"]
[PlyCount "55"]
[EventDate "2014.??.??"]

1. e4 d5 2. exd5 Qxd5 3. Nc3 Qd8 4. d4 Nf6 5. Bc4 Bg4 6. f3 Bf5 7. g4 Bd7 8.
Nge2 e6 9. g5 Nh5 10. Ng3 Nxg3 11. hxg3 Bd6 12. Kf2 Bc6 13. g6 Qf6 14. gxf7+
Qxf7 15. Re1 Bd7 16. Ne4 Qh5 17. Kg2 Rf8 18. Ng5 e5 19. dxe5 Be7 20. Rh1 Qg6
21. Bd3 Qb6 22. Rxh7 Bf5 23. Rxg7 Qh6 24. Bxf5 Qxg7 25. Ne6 Qxe5 26. Bf4 Qxb2
27. Nxc7+ Kf7 28. Qd5+ 1-0

[Event "16e Open Internationale - Réunion"]
[Site "?"]
[Date "2014.10.19"]
[Round "2"]
[White "Frelicot, Eric"]
[Black "Letreguilly, Olivier"]
[Result "0-1"]
[WhiteElo "1841"]
[BlackElo "2332"]
[PlyCount "63"]
[EventDate "2014.10.18"]

1. c4 e6 2. Nc3 d5 3. cxd5 exd5 4. d4 c6 5. Nf3 Bf5 6. Bg5 Be7 7. Bxe7 Nxe7 8.
e3 Nd7 9. Bd3 O-O 10. O-O a5 11. b3 Qc7 12. Bxf5 Nxf5 13. Qc2 Ne7 14. Rac1 Qd6
15. Rfd1 f5 16. Ne2 Ng6 17. Ng3 Rae8 18. Qd3 f4 19. exf4 Nxf4 20. Qf1 a4 21.
Re1 Rxe1 22. Rxe1 Qa3 23. Ng5 Qd6 24. bxa4 h6 25. Nf3 Qa3 26. Ne5 Nxe5 27. Rxe5
Qxa4 28. Rf5 Qxd4 29. Rxf8+ Kxf8 30. Qc1 Qe5 31. Qc5+ Kg8 32. Qc2 0-1

[Event "16e Open International - Réunion"]
[Site "Saint-Denis (974)"]
[Date "2014.10.18"]
[Round "2.3"]
[White "Moret, Vincent"]
[Black "Desire, Michael"]
[Result "1-0"]
[WhiteElo "2175"]
[BlackElo "1751"]
[PlyCount "67"]
[EventDate "2014.??.??"]

1. g3 d5 2. Bg2 e5 3. c4 c6 4. cxd5 cxd5 5. d4 e4 6. Nc3 Be6 7. h4 Nc6 8. Nh3
Qb6 9. Nf4 Qxd4 10. O-O Nf6 11. Qxd4 Nxd4 12. Rd1 Nc6 13. Ncxd5 O-O-O 14. Nxe6
fxe6 15. Nc3 Rxd1+ 16. Nxd1 Bb4 17. a3 Ba5 18. Bg5 Nd4 19. b4 Bb6 20. Kf1 Rf8
21. Rc1+ Kd7 22. Bxf6 Rxf6 23. Bxe4 Nb3 24. Rc2 Nd4 25. Rd2 Kc7 26. e3 Nf5 27.
Ke2 g6 28. Rc2+ Kb8 29. Nb2 Nd6 30. Bg2 e5 31. Nd3 Nf7 32. Bd5 Bc7 33. Nc5 Rd6
34. Bxf7 1-0

[Event "16e Open International - Réunion"]
[Site "Saint-Denis (974)"]
[Date "2014.10.18"]
[Round "2.4"]
[White "Duprey, Francois-Xavier"]
[Black "Stahl, Clement"]
[Result "0-1"]
[WhiteElo "1764"]
[BlackElo "2149"]
[PlyCount "68"]
[EventDate "2014.??.??"]

1. c4 g6 2. Nf3 Bg7 3. g3 e5 4. d3 c5 5. e4 Nc6 6. Bg2 Nge7 7. O-O d6 8. h3 O-O
9. Nc3 f5 10. Kh2 h6 11. Nd5 Nxd5 12. cxd5 Ne7 13. Ng1 f4 14. Rb1 a5 15. a3 a4
16. Bd2 g5 17. g4 Ng6 18. f3 Kf7 19. Be1 Rh8 20. Ne2 h5 21. Kg1 Rh7 22. Nc3
hxg4 23. hxg4 Bd7 24. b4 Qc7 25. b5 Rah8 26. b6 Qc8 27. Nb5 Ke7 28. Na7 Qg8 29.
Nb5 Rh2 30. Qc2 Qh7 31. Nxd6 Kxd6 32. Qxc5+ Kxc5 33. d4+ exd4 34. Bb4+ Kxb6 0-1

[Event "16e Open International - Réunion"]
[Site "Saint-Denis (974)"]
[Date "2014.10.18"]
[Round "2.5"]
[White "Rodier, David"]
[Black "Vitry, Patrick"]
[Result "1-0"]
[WhiteElo "2136"]
[BlackElo "1733"]
[PlyCount "35"]
[EventDate "2014.??.??"]

1. d4 f5 2. g4 e6 3. g5 Nc6 4. Nf3 d6 5. d5 Ne5 6. Nc3 Nxf3+ 7. exf3 a6 8. Be3
Ne7 9. Bc4 exd5 10. Nxd5 Nc6 11. Qe2 Be7 12. O-O-O Ne5 13. Bb3 Bd7 14. f4 Ng6
15. Qc4 Qc8 16. Nxc7+ Kd8 17. Bb6 Bc6 18. Nxa8+ 1-0

[Event "16e Open Internationale - Réunion"]
[Site "?"]
[Date "2014.10.19"]
[Round "2"]
[White "Bah, ismaeil"]
[Black "Stratonowitsch, André"]
[Result "0-1"]
[WhiteElo "1745"]
[BlackElo "2124"]
[PlyCount "130"]
[EventDate "2014.10.18"]

1. Nf3 f5 2. e3 Nf6 3. b4 g6 4. Bb2 Bg7 5. Bc4 e6 6. d4 Qe7 7. a3 d5 8. Bd3 Ne4
9. c4 c6 10. O-O O-O 11. Ne5 Nd7 12. Nxd7 Bxd7 13. Nd2 g5 14. Nf3 Rad8 15. Qc2
Be8 16. Rad1 Bh5 17. Be2 Bxf3 18. Bxf3 Nd6 19. c5 Ne8 20. g3 g4 21. Bg2 h5 22.
f3 gxf3 23. Bxf3 Nf6 24. Qe2 Qf7 25. Rf2 Bh6 26. Bc1 Qg6 27. Rg2 Kh7 28. Kh1
Rd7 29. Rdg1 Rg7 30. Qd1 Rfg8 31. Qe2 Ng4 32. Bd2 Qe8 33. Bxg4 Rxg4 34. Qf3 Qg6
35. Qe2 Re4 36. Qf3 a6 37. Re1 Bg7 38. Bc3 Bf6 39. Ree2 Qh6 40. Qf1 h4 41. Bd2
Qh5 42. Re1 Reg4 43. Qf3 hxg3 44. Rxg3 Qh6 45. Rxg4 Rxg4 46. Rg1 Rxg1+ 47. Kxg1
Bxd4 48. Qg3 Bf6 49. Qc7+ Qg7+ 50. Qxg7+ Kxg7 51. Kf2 Kg6 52. Kf3 Be5 53. h3
Kh5 54. a4 Kh4 55. Kg2 Bb2 56. Be1+ Kh5 57. Kf3 e5 58. Ke2 d4 59. exd4 Bxd4 60.
Kd3 a5 61. Kc4 axb4 62. Bxb4 f4 63. Bc3 Bxc3 64. Kxc3 e4 65. Kd4 e3 0-1

[Event "16e Open International - Réunion"]
[Site "Saint-Denis (974)"]
[Date "2014.10.18"]
[Round "2.7"]
[White "Wimmer, Olivier"]
[Black "Andriandaza, Tombo Omar"]
[Result "1-0"]
[WhiteElo "2044"]
[BlackElo "1717"]
[PlyCount "41"]
[EventDate "2014.??.??"]

1. Nf3 Nf6 2. d4 d5 3. g3 Bg4 4. Bg2 Bxf3 5. Bxf3 e6 6. O-O c5 7. c4 Nc6 8.
cxd5 exd5 9. dxc5 Bxc5 10. Nc3 d4 11. Ne4 Nxe4 12. Bxe4 Qe7 13. Qc2 Rc8 14. Bf4
Bd6 15. Bxd6 Qxd6 16. Rfd1 Ke7 17. Bxc6 Rxc6 18. Qe4+ Kf6 19. Rxd4 Qe6 20. Qf3+
Kg5 21. h4+ 1-0

[Event "16e Open International - Réunion"]
[Site "Saint-Denis (974)"]
[Date "2014.10.18"]
[Round "2.8"]
[White "Goorsahye, Antoine"]
[Black "Mezouaghi, Miloud"]
[Result "0-1"]
[WhiteElo "1726"]
[BlackElo "2037"]
[PlyCount "58"]
[EventDate "2014.??.??"]

1. e4 c5 2. Nf3 d6 3. d4 cxd4 4. Nxd4 Nf6 5. Nc3 a6 6. f4 e5 7. Nf3 Qc7 8. Bd3
Be7 9. O-O O-O 10. Kh1 b5 11. a3 Nbd7 12. Be3 Bb7 13. f5 Rfe8 14. Nd2 Rac8 15.
Qf3 Nb6 16. Bxb6 Qxb6 17. Rad1 Red8 18. Nd5 Bxd5 19. exd5 Qd4 20. Be4 Nxe4 21.
Nxe4 Qa7 22. f6 Bxf6 23. Qh3 Kf8 24. Qxh7 Ke7 25. Rxf6 gxf6 26. Rf1 Qe3 27.
Nxf6 Rf8 28. h4 Rc4 29. Rf3 Qe1+ 0-1

[Event "16e Open International - Réunion"]
[Site "Saint-Denis (974)"]
[Date "2014.10.18"]
[Round "2.9"]
[White "Roos, Louise"]
[Black "Mablouke, Ulrich"]
[Result "1-0"]
[WhiteElo "1914"]
[BlackElo "1702"]
[PlyCount "42"]
[EventDate "2014.??.??"]

1. e4 c6 2. Nf3 d5 3. Nc3 dxe4 4. Nxe4 Bg4 5. h3 Bxf3 6. Qxf3 Nf6 7. Ng3 e6 8.
Bc4 Nbd7 9. c3 Bd6 10. d4 Bxg3 11. Qxg3 O-O 12. O-O Nh5 13. Qf3 Nhf6 14. Re1
Nd5 15. Bd3 N7f6 16. Bg5 h6 17. Bh4 g5 18. Bg3 g4 19. hxg4 Nh7 20. Bxh7+ Kxh7
21. Re5 Rg8 1-0

[Event "16e Open Internationale - Réunion"]
[Site "?"]
[Date "2014.10.19"]
[Round "2"]
[White "Francou, Yvon"]
[Black "Kibria, Golam"]
[Result "1-0"]
[WhiteElo "1670"]
[BlackElo "1899"]
[PlyCount "201"]
[EventDate "2014.10.18"]

1. e4 c5 2. Nf3 Nc6 3. Nc3 d6 4. a3 Nf6 5. g3 Bg4 6. Bg2 Nd4 7. h3 Bh5 8. g4
Bg6 9. Nh4 e5 10. Nf5 Be7 11. Nxg7+ Kd7 12. d3 Qb6 13. Nf5 Bxf5 14. exf5 Rag8
15. Ne2 Nxf5 16. Rf1 h5 17. g5 Nh7 18. f4 Nh4 19. Be4 f5 20. gxf6 Bxf6 21. fxe5
dxe5 22. Be3 Ng2+ 23. Bxg2 Rxg2 24. Rf5 Qe6 25. Rxh5 Rh2 26. Qd2 Rxh3 27. Rxh3
Qxh3 28. O-O-O Rg8 29. Kb1 Ng5 30. Bxc5 Nf3 31. Qb4 b6 32. Qa4+ Kd8 33. Bxb6+
axb6 34. Qa8+ Qc8 35. Qd5+ Kc7 36. Qxf3 Qe6 37. Qe4 Rg4 38. Qh7+ Rg7 39. Qe4
Rg4 40. Qh7+ Rg7 41. Qh1 Qg4 42. Nc3 Bd8 43. Nb5+ Kb8 44. Rf1 Qe6 45. Qh8 Rg8
46. Qh7 Kc8 47. Na7+ Kb8 48. Nb5 Kc8 49. Qh1 Kb8 50. Qe4 Rh8 51. b3 Rh4 52. Qe3
Rh3 53. Qf2 Qd7 54. Qf8 Kc8 55. Qb4 Be7 56. Qc4+ Kb7 57. Qa4 Qe6 58. Qe4+ Kb8
59. Nd4 Qd6 60. Nc6+ Kc7 61. Nxe7 Qxe7 62. Qc4+ Kd6 63. Qb4+ Kd7 64. Qxe7+ Kxe7
65. Kb2 b5 66. Re1 Kd6 67. Re4 Rf3 68. d4 exd4 69. Rxd4+ Kc5 70. Rh4 Rg3 71. a4
b4 72. Rh5+ Kc6 73. Kc1 Rg2 74. Rb5 Rg4 75. Kd2 Rd4+ 76. Ke3 Rh4 77. Rf5 Rh3+
78. Rf3 Rh4 79. Kd3 Kc5 80. Rf5+ Kc6 81. Re5 Kb6 82. Re4 Rh3+ 83. Re3 Rh4 84.
c3 bxc3 85. Kxc3 Kc5 86. b4+ Kd5 87. Rd3+ Kc6 88. Rd1 Rg4 89. Rc1 Kd5 90. Rd1+
Kc6 91. Rd4 Rg1 92. Rc4+ Kd5 93. Rc5+ Kd6 94. Kc4 Rc1+ 95. Kb5 Rh1 96. a5 Rh8
97. Rc6+ Kd7 98. Rb6 Ra8 99. Rb7+ Kd6 100. Kb6 Rc8 101. a6 1-0

[Event "16e Open Internationale - Réunion"]
[Site "?"]
[Date "2014.10.19"]
[Round "2"]
[White "Payet, Jean Claude"]
[Black "Weber, Richard"]
[Result "1-0"]
[WhiteElo "1893"]
[BlackElo "1650"]
[PlyCount "69"]
[EventDate "2014.10.18"]

1. e4 Nc6 2. d4 e6 3. Nf3 d5 4. Nbd2 h6 5. c3 Nge7 6. Bd3 b6 7. O-O a5 8. Qe2
Ng6 9. exd5 Nf4 10. Qe4 Nxd5 11. a3 f5 12. Qe1 Qf6 13. Bb5 Bd7 14. c4 Nde7 15.
Nb3 a4 16. d5 axb3 17. dxc6 Bxc6 18. Qb4 Kf7 19. Qxb3 Bxf3 20. Qxf3 Rd8 21. Qb7
Qd4 22. Rb1 Qd6 23. b4 c6 24. Ba4 Rb8 25. Qa7 Kg6 26. Rd1 Qe5 27. Bb2 Ra8 28.
Qxa8 Qc7 29. Qd8 Qa7 30. Qe8+ Kh7 31. Bxc6 Ng6 32. Qxe6 Qb8 33. Qxf5 Bd6 34.
Be4 Bxh2+ 35. Kh1 1-0

[Event "16e Open International - Réunion"]
[Site "Saint-Denis (974)"]
[Date "2014.10.18"]
[Round "2.12"]
[White "Cochard, Franck-Olivier"]
[Black "Rajaobelina, Hery"]
[Result "1-0"]
[WhiteElo "1655"]
[BlackElo "1887"]
[PlyCount "63"]
[EventDate "2014.??.??"]

1. Nf3 Nf6 2. c4 g6 3. Nc3 Bg7 4. e4 O-O 5. d4 d6 6. Be2 e5 7. d5 Nbd7 8. Be3
a5 9. h3 Nc5 10. Bxc5 dxc5 11. O-O Nh5 12. Nh2 Nf4 13. Bg4 f5 14. Bf3 Qg5 15.
Kh1 Rd8 16. Ne2 Ne6 17. Qc1 Qxc1 18. Raxc1 Nd4 19. Nxd4 cxd4 20. Rfe1 fxe4 21.
Bxe4 Bf5 22. Nf3 Re8 23. Re2 Re7 24. Bxf5 gxf5 25. Nxd4 e4 26. Nxf5 Re5 27.
Nxg7 Kxg7 28. Rce1 Rae8 29. g4 Kf6 30. Kg2 Kg5 31. Kg3 h5 32. f4+ 1-0

[Event "16e Open Internationale - Réunion"]
[Site "?"]
[Date "????.??.??"]
[Round "2"]
[White "Calmel, Nicolas"]
[Black "Dennemont, Bruno"]
[Result "1-0"]
[WhiteElo "1884"]
[BlackElo "1620"]
[PlyCount "69"]
[EventDate "2014.10.18"]

1. e4 e5 2. d4 exd4 3. Qxd4 Nc6 4. Qe3 d6 5. Bd2 a6 6. Nc3 Nf6 7. f3 Be6 8.
Nge2 Nb4 9. Nd4 c5 10. Nxe6 fxe6 11. Bd3 c4 12. a3 cxd3 13. axb4 dxc2 14. O-O
d5 15. exd5 Nxd5 16. Qxe6+ Ne7 17. Ne4 Qd4+ 18. Kh1 Rd8 19. Bf4 Qd5 20. Nd6+
Rxd6 21. Qxd6 Qb3 22. Be5 Nc6 23. Qc7 Qxb4 24. Rfe1 Be7 25. Bd6 Qh4 26. Qc8+
Kf7 27. Qe6+ Kf8 28. Qc8+ Kf7 29. Qxh8 Bxd6 30. Qe8+ Kf6 31. Re6+ Kg5 32. Rxd6
Qc4 33. Qe3+ Kh5 34. g4+ Kh4 35. Rh6+ 1-0

[Event "16e Open International - Réunion"]
[Site "Saint-Denis (974)"]
[Date "2014.10.18"]
[Round "2.14"]
[White "Fontaine, Cedric"]
[Black "Rajaonson, Andriamahenina"]
[Result "0-1"]
[WhiteElo "1642"]
[BlackElo "1864"]
[PlyCount "86"]
[EventDate "2014.??.??"]

1. c4 e6 2. Nc3 d5 3. cxd5 exd5 4. e3 Nf6 5. a3 c6 6. Qc2 Bd6 7. Nf3 O-O 8. b4
Bg4 9. Be2 Nbd7 10. Bb2 Qc7 11. Nd4 Bxe2 12. Ncxe2 Rac8 13. Nf5 Rfe8 14. Nxd6
Qxd6 15. Bxf6 Qxf6 16. O-O Ne5 17. Qc3 Qd6 18. Nf4 Ng4 19. f3 Nf6 20. Rac1 a6
21. Rfe1 Rcd8 22. d4 g5 23. Nd3 Nh5 24. Ne5 Re6 25. Qc5 Qb8 26. Qc2 Ng7 27. e4
Red6 28. Qd2 f6 29. Ng4 dxe4 30. Rxe4 f5 31. Re7 fxg4 32. Qxg5 Rg6 33. Rxg7+
Kxg7 34. Qe7+ Kg8 35. fxg4 Qd6 36. Qe1 Qxd4+ 37. Kh1 Qxg4 38. Qf1 Rd2 39. g3
Qe4+ 40. Kg1 Qe3+ 41. Kh1 Rxh2+ 42. Kxh2 Qxg3+ 43. Kh1 Rh6+ 0-1

[Event "16e Open International - Réunion"]
[Site "Saint-Denis (974)"]
[Date "2014.10.18"]
[Round "2.15"]
[White "Gallet, Hadrien"]
[Black "Romain, Arnaud"]
[Result "1-0"]
[WhiteElo "1614"]
[BlackElo "1582"]
[PlyCount "77"]
[EventDate "2014.??.??"]

1. d4 g6 2. c4 Bg7 3. Nc3 d6 4. e4 Nc6 5. d5 Ne5 6. f4 Nd7 7. Be3 Nc5 8. Bxc5
dxc5 9. Bd3 e6 10. Nf3 Ne7 11. O-O O-O 12. Bc2 b6 13. Bb3 Bd7 14. Ne5 exd5 15.
cxd5 b5 16. Bc2 a6 17. Qf3 f6 18. Nxd7 Qxd7 19. a4 b4 20. Ne2 c4 21. b3 c3 22.
Rad1 a5 23. Nd4 Rfe8 24. Ne6 Qd6 25. Qg4 Qb6+ 26. Kh1 h5 27. Qg3 c5 28. f5 g5
29. Nc7 h4 30. Nxa8 Rxa8 31. Qf2 Qd6 32. Bd3 Rc8 33. Bc4 Qe5 34. d6+ Kf8 35.
dxe7+ Kxe7 36. Be6 Rd8 37. Rxd8 Kxd8 38. Rd1+ Ke8 39. Qe2 1-0

[Event "16e Open International - Réunion"]
[Site "Saint-Denis (974)"]
[Date "2014.10.18"]
[Round "2.16"]
[White "Riviere, Etienne"]
[Black "Ringayen, Francinel"]
[Result "1-0"]
[WhiteElo "1580"]
[BlackElo "1361"]
[PlyCount "115"]
[EventDate "2014.??.??"]

1. e4 e5 2. Nf3 Nc6 3. Bc4 Nf6 4. d3 h6 5. O-O Bc5 6. c3 O-O 7. b4 Bd6 8. Qb3
Qe7 9. Re1 a6 10. a4 b6 11. Nh4 Nh5 12. Nf5 Qf6 13. Nd2 Bb7 14. Nf3 Be7 15. d4
exd4 16. cxd4 d6 17. Bb2 Rab8 18. Bd5 Bd8 19. Bxc6 Bxc6 20. d5 Bxd5 21. Qxd5
Qe6 22. Qxe6 fxe6 23. N5d4 e5 24. Ne6 Re8 25. Nxd8 Rbxd8 26. Rac1 Rd7 27. g3
Kf7 28. Rc6 Rb8 29. Rec1 Rb7 30. Kg2 Nf6 31. Nd2 Nh7 32. Nc4 Ng5 33. f3 g6 34.
Bxe5 dxe5 35. Nxe5+ Ke8 36. Nxd7 Kxd7 37. Rxg6 Nf7 38. Kh3 Ra7 39. f4 a5 40. b5
Ra8 41. Rg7 Rf8 42. Rc6 Kd8 43. e5 h5 44. e6 Ke7 45. exf7 Rxf7 46. Rxc7+ Ke6
47. Rgxf7 Kd6 48. Rfe7 Kd5 49. f5 Kd6 50. f6 Kd5 51. Kh4 Kd6 52. f7 Kd5 53.
f8=Q Kd6 54. Kxh5 Kd5 55. Qb8 Kd6 56. Qxb6+ Kd5 57. Qxa5 Kd6 58. Qd2# 1-0

[Event "16e Open International - Réunion"]
[Site "Saint-Denis (974)"]
[Date "2014.10.18"]
[Round "2.17"]
[White "Noel, Philippe"]
[Black "Hoareau, Noe"]
[Result "0-1"]
[WhiteElo "1297"]
[BlackElo "1557"]
[PlyCount "90"]
[EventDate "2014.??.??"]

1. e4 c5 2. Bc4 e6 3. Nf3 a6 4. a4 Qc7 5. Nc3 Nc6 6. O-O Nf6 7. d3 h5 8. Bg5
Ng4 9. Re1 Nd4 10. g3 Bd6 11. e5 Nxf3+ 12. Qxf3 Nxe5 13. Qg2 Ra7 14. Nd5 Qc6
15. Bf4 Nxc4 16. dxc4 Kf8 17. Bxd6+ Qxd6 18. Rad1 exd5 19. Rxd5 Qc6 20. Red1 b6
21. Qe4 Qe6 22. Qxe6 fxe6 23. Rd6 Ke7 24. h4 Rh6 25. Rxb6 Rb7 26. a5 Rxb6 27.
axb6 e5 28. Ra1 Rxb6 29. b3 Ke6 30. f3 Bb7 31. Kf2 Ke7 32. Re1 Re6 33. Ra1 Rf6
34. f4 exf4 35. Re1+ Re6 36. Rxe6+ Kxe6 37. gxf4 Kf5 38. Kg3 Be4 39. c3 a5 40.
Kf2 Bc2 41. b4 axb4 42. cxb4 cxb4 43. Ke2 b3 44. Kd2 Kxf4 45. Kc3 Ke5 0-1

[Event "16e Open Internationale - Réunion"]
[Site "?"]
[Date "2014.10.19"]
[Round "2"]
[White "Labrande, Theodore"]
[Black "Le Maguet, Loan"]
[Result "1/2-1/2"]
[WhiteElo "1471"]
[BlackElo "1280"]
[PlyCount "136"]
[EventDate "2014.10.18"]

1. e4 c5 2. Nf3 d6 3. d4 cxd4 4. Nxd4 Nc6 5. Nxc6 bxc6 6. Nc3 e5 7. Bc4 Nf6 8.
Bg5 Be6 9. Bxe6 fxe6 10. Qe2 Be7 11. Qc4 Qd7 12. O-O d5 13. Qd3 O-O 14. f4 exf4
15. Rxf4 Nh5 16. Rh4 Bxg5 17. Rxh5 Bh6 18. g4 Qf7 19. exd5 exd5 20. Rf5 Qe6 21.
Raf1 g6 22. Rxf8+ Rxf8 23. Rxf8+ Bxf8 24. Qe2 Bc5+ 25. Kg2 Qf7 26. Na4 Bb4 27.
c3 Ba5 28. Nc5 Bb6 29. Nd3 c5 30. Qe5 Qd7 31. h3 d4 32. Nxc5 Bxc5 33. Qxc5 Qb7+
34. Kg3 Qxb2 35. Qd5+ Kf8 36. cxd4 Qc3+ 37. Qf3+ Qxf3+ 38. Kxf3 Ke7 39. Kf4 Kd6
40. Ke4 Ke6 41. d5+ Kd6 42. a4 a5 43. h4 h6 44. h5 gxh5 45. gxh5 Kd7 46. Ke5
Ke7 47. d6+ Kd7 48. Kd5 Kd8 49. Ke6 Ke8 50. d7+ Kd8 51. Kf6 Kxd7 52. Kg6 Ke7
53. Kf5 Kd6 54. Kf6 Kd5 55. Kg6 Ke6 56. Kh7 Kf7 57. Kxh6 Kf6 58. Kh7 Kf7 59. h6
Kf8 60. Kg6 Kg8 61. Kf6 Kh7 62. Ke6 Kxh6 63. Kd6 Kg6 64. Kc6 Kf6 65. Kb6 Ke6
66. Kxa5 Kd7 67. Kb6 Kc8 68. Kc6 Kb8 1/2-1/2

[Event "16e Open Internationale - Réunion"]
[Site "?"]
[Date "2014.10.19"]
[Round "2"]
[White "Atlan, Yohan"]
[Black "Fontaine, Willy"]
[Result "1/2-1/2"]
[WhiteElo "1270"]
[BlackElo "1456"]
[PlyCount "121"]
[EventDate "2014.10.18"]

1. e4 d6 2. Nf3 Nf6 3. Nc3 c6 4. d4 g6 5. Bc4 Bg7 6. Ng5 e6 7. d5 O-O 8. dxe6
Bxe6 9. Bxe6 h6 10. Nxf7 Rxf7 11. Bxf7+ Kxf7 12. e5 Qe8 13. Qxd6 Qd7 14. Qxd7+
Nfxd7 15. Bf4 Nxe5 16. O-O-O g5 17. Bg3 a5 18. f4 Nc4 19. fxg5 hxg5 20. Rhf1+
Kg6 21. Rf3 g4 22. Rf4 Bh6 23. Rdd4 Bxf4+ 24. Bxf4 b5 25. a4 Na6 26. axb5 cxb5
27. Nxb5 Rc8 28. Nd6 Nxd6 29. Rxd6+ Kf5 30. Rxa6 Kxf4 31. Rxa5 Re8 32. Ra4+ Kg5
33. Kd1 Rf8 34. b4 Rf1+ 35. Ke2 Rc1 36. Ra5+ Kf4 37. g3+ Ke4 38. c3 Rxc3 39.
Rg5 Rc2+ 40. Kf1 Rxh2 41. Rxg4+ Kf3 42. Rh4 Rf2+ 43. Ke1 Kxg3 44. Rc4 Rb2 45.
Kd1 Kf3 46. Kc1 Ra2 47. Rc3+ Ke4 48. Rb3 Kd4 49. Kb1 Rg2 50. Rb2 Rg1+ 51. Ka2
Kc3 52. b5 Rg8 53. Rb3+ Kc4 54. Ka3 Ra8+ 55. Kb2 Rb8 56. Rc3+ Kb4 57. Kc2 Rxb5
58. Rb3+ Kc5 59. Rc3+ Kb6 60. Rb3 Rxb3 61. Kxb3 1/2-1/2

[Event "16e Open International - Réunion"]
[Site "Saint-Denis (974)"]
[Date "2014.10.18"]
[Round "2.20"]
[White "Triton, Maxime"]
[Black "Caminade, Lionel"]
[Result "1-0"]
[WhiteElo "1450"]
[BlackElo "1240"]
[PlyCount "97"]
[EventDate "2014.??.??"]

1. e4 e6 2. d4 Ne7 3. Nf3 g6 4. Be2 Bg7 5. O-O d6 6. Be3 b6 7. c3 Bb7 8. Bd3
Nd7 9. Re1 c5 10. Nbd2 Qc7 11. c4 O-O 12. Nb3 a5 13. Qd2 a4 14. Nc1 e5 15. d5
Nf6 16. Bh6 Nh5 17. Ne2 f6 18. h3 Nf4 19. Bxf4 exf4 20. Nxf4 Bc8 21. Ne2 f5 22.
Ng3 a3 23. Rab1 axb2 24. Rxb2 Bxb2 25. Qxb2 f4 26. Ne2 Qa7 27. Nc3 Bd7 28. Rb1
Rab8 29. e5 Nf5 30. e6 Be8 31. Re1 Qg7 32. Bxf5 Rxf5 33. Qb3 Rb7 34. Ne4 Qe7
35. Qa3 b5 36. cxb5 Rxb5 37. Nc3 Rb8 38. Qa6 Rb2 39. Rd1 Rc2 40. Ne4 Rxd5 41.
Rxd5 Qxe6 42. Nfg5 Qxd5 43. Nf6+ Kf8 44. Nxd5 Rc1+ 45. Kh2 Re1 46. Qxd6+ Kg7
47. Ne6+ Kf7 48. Qe7+ Kg8 49. Qg7# 1-0

[Event "16e Open International - Réunion"]
[Site "Saint-Denis (974)"]
[Date "2014.10.18"]
[Round "2.21"]
[White "Labrande, Mona"]
[Black "Sandjivy, Mateo"]
[Result "0-1"]
[WhiteElo "1200"]
[BlackElo "1432"]
[PlyCount "114"]
[EventDate "2014.??.??"]

1. e4 e5 2. Nf3 Nc6 3. Nc3 Bc5 4. Bc4 d6 5. O-O Nf6 6. h3 Qe7 7. Be2 Be6 8. d3
O-O-O 9. Bg5 d5 10. Na4 dxe4 11. Nxc5 Qxc5 12. Be3 Qe7 13. Ng5 exd3 14. cxd3 e4
15. d4 Bd5 16. b3 h6 17. Rc1 hxg5 18. Bxg5 Qd6 19. Qd2 Be6 20. Bf4 Qd5 21. Rc5
Qxc5 22. dxc5 Rxd2 23. Bxd2 Bd5 24. Bd1 Rd8 25. Be3 b6 26. f3 exf3 27. Bxf3
Bxf3 28. gxf3 Rd5 29. Rc1 Nd7 30. cxb6 Kb7 31. bxc7 Kxc7 32. Bf4+ Kb7 33. Kg2
Rd3 34. b4 a6 35. h4 Nxb4 36. Rb1 a5 37. Kf2 Ka6 38. a4 Ra3 39. Rd1 Nd3+ 40.
Kg3 N3e5 41. Rd6+ Kb7 42. Bxe5 Nxe5 43. Kf4 f6 44. Ke4 Rxf3 45. Re6 Rg3 46.
Re7+ Kc6 47. Re6+ Kd7 48. Kd5 Rd3+ 49. Kc5 Kxe6 50. Kb5 Rd5+ 51. Ka6 Rc5 52. h5
Kd6 53. Kb7 Rc6 54. Kb8 Nd7+ 55. Kb7 Rb6+ 56. Ka8 Kc7 57. h6 Ra6# 0-1

[Event "16e Open International - Réunion"]
[Site "Saint-Denis (974)"]
[Date "2014.10.18"]
[Round "2.22"]
[White "Romain, Juliane"]
[Black "Lacouture, Alexandre"]
[Result "1-0"]
[WhiteElo "1412"]
[BlackElo "1210"]
[PlyCount "111"]
[EventDate "2014.??.??"]

1. e4 e5 2. Nf3 Nc6 3. Bc4 Bc5 4. c3 d6 5. Bb3 Bg4 6. h3 Bh5 7. d3 Nf6 8. Nbd2
O-O 9. Nf1 d5 10. Qe2 d4 11. Bc2 Re8 12. Ng3 Bg6 13. Nh2 dxc3 14. bxc3 a6 15.
Ng4 Nxg4 16. Qxg4 Qc8 17. Nf5 Ne7 18. d4 exd4 19. cxd4 h5 20. Nxe7+ Bxe7 21.
Qxc8 Raxc8 22. f3 Bb4+ 23. Bd2 Bxd2+ 24. Kxd2 Rcd8 25. Kc3 b6 26. Rhe1 Rc8 27.
Bd3 b5 28. a4 bxa4 29. Rxa4 c5 30. Rxa6 cxd4+ 31. Kxd4 Rcd8+ 32. Ke3 f6 33. Ra7
f5 34. Bc4+ Kh8 35. Kf4 Bh7 36. Bf7 Rf8 37. exf5 g6 38. Kg5 gxf5 39. Kxh5 Bg8
40. Bxg8 Rxg8 41. g4 fxg4 42. hxg4 Rg7 43. Rxg7 Kxg7 44. f4 Rh8+ 45. Kg5 Kf7
46. f5 Rg8+ 47. Kf4 Rc8 48. Re6 Rc4+ 49. Kg5 Rc8 50. Kh5 Rh8+ 51. Rh6 Re8 52.
g5 Re3 53. Rh7+ Kf8 54. Kg6 Rb3 55. f6 Rb6 56. Rh8# 1-0

[Event "16e Open International - Réunion"]
[Site "Saint-Denis (974)"]
[Date "2014.10.18"]
[Round "2.23"]
[White "Sandjivy, Vivien"]
[Black "Labrande, Eleonore"]
[Result "0-1"]
[WhiteElo "1220"]
[BlackElo "1400"]
[PlyCount "112"]
[EventDate "2014.??.??"]

1. Nf3 d5 2. d4 Nc6 3. Nc3 Bf5 4. Bf4 Nf6 5. e3 Nh5 6. Bb5 Nxf4 7. Bxc6+ bxc6
8. exf4 Rb8 9. b3 e6 10. Ne5 Qd6 11. a3 f6 12. g4 Be4 13. f3 fxe5 14. fxe5 Bxf3
15. Qxf3 Qd8 16. O-O Qe7 17. Rf2 Kd7 18. Qf7 Re8 19. Raf1 g6 20. Qxe7+ Kxe7 21.
Rf7+ Kd8 22. b4 Bh6 23. R1f3 Ref8 24. g5 Rxf7 25. Rxf7 Bxg5 26. Kf1 Bc1 27. Nb1
Be3 28. c3 g5 29. Ke2 Bf4 30. h3 h6 31. Rf6 Ke7 32. Kf3 Bc1 33. Kg4 h5+ 34. Kf3
Rf8 35. Rxf8 Kxf8 36. a4 Kg7 37. b5 cxb5 38. a5 Kg6 39. a6 Kf5 40. Kg2 Kf4 41.
Kf2 h4 42. Kg2 g4 43. hxg4 Kxg4 44. c4 bxc4 45. Nc3 c6 46. Ne2 Bd2 47. Kh1 c3
48. Nxc3 Bxc3 49. Kg2 Bxd4 50. Kh2 c5 51. Kg2 c4 52. Kf1 h3 53. Ke2 h2 54. Kf1
h1=Q+ 55. Ke2 Qf3+ 56. Ke1 Bc3# 0-1

[Event "16e Open International - Réunion"]
[Site "Saint-Denis (974)"]
[Date "2014.10.18"]
[Round "2.24"]
[White "Collet, Jean Daniel"]
[Black "Cazal, Julian"]
[Result "1-0"]
[WhiteElo "1399"]
[BlackElo "1100"]
[PlyCount "51"]
[EventDate "2014.??.??"]

1. e4 e5 2. Nf3 Nc6 3. Bc4 h6 4. d3 Nf6 5. h3 Bb4+ 6. c3 Bc5 7. Be3 Bxe3 8.
fxe3 O-O 9. O-O Na5 10. Bb3 Nxb3 11. axb3 d5 12. Nxe5 Qd6 13. d4 Be6 14. Nc4
dxc4 15. e5 Qd5 16. exf6 g6 17. b4 Qg5 18. Qf3 Bxh3 19. Qxh3 h5 20. Rf3 Rfe8
21. Ra5 Qh6 22. Rg3 Re4 23. Rxh5 Qxh5 24. Qxh5 Rae8 25. Qh6 g5 26. Qg7# 1-0

[Event "16e Open Internationale - Réunion"]
[Site "?"]
[Date "2014.10.19"]
[Round "2"]
[White "Laoussing, Mathis"]
[Black "Etheve, Loic"]
[Result "0-1"]
[WhiteElo "1099"]
[BlackElo "1399"]
[PlyCount "108"]
[EventDate "2014.10.18"]

1. e4 e6 2. d4 d5 3. e5 c5 4. Nf3 Qb6 5. Be3 Qxb2 6. Nbd2 Nc6 7. dxc5 Nxe5 8.
Nxe5 Qxe5 9. Bb5+ Bd7 10. Bxd7+ Kxd7 11. O-O d4 12. Nc4 Qd5 13. Qxd4 Qxd4 14.
Bxd4 Rc8 15. Rad1 Ke8 16. Be3 Bxc5 17. Nd6+ Bxd6 18. Rxd6 Rxc2 19. a3 Rc3 20.
Bc1 Nf6 21. Rfd1 Nd5 22. Bg5 Rc8 23. h3 h6 24. Bh4 g5 25. Bg3 Ke7 26. Kh1 Rhd8
27. Rxd8 Rxd8 28. Rb1 b6 29. h4 f5 30. hxg5 hxg5 31. f4 Nxf4 32. Bxf4 gxf4 33.
Rc1 b5 34. Rc7+ Rd7 35. Rc5 a6 36. Rc6 Rd6 37. Rc7+ Kf6 38. Rc8 Rd3 39. Rf8+
Ke5 40. Rc8 Rxa3 41. Rc5+ Kd4 42. Rc6 e5 43. Rd6+ Ke4 44. Kg1 f3 45. Rd1 Kf4
46. Rf1 e4 47. Kf2 Ra2+ 48. Kg1 Rxg2+ 49. Kh1 Ra2 50. Kg1 e3 51. Rd1 e2 52. Re1
Kg3 53. Rc1 f2+ 54. Kh1 f1=Q+ 0-1